000 01804nam0a2200373 4500
001 RU\NLR\BIBL_A\012042113
005 20190715170703.0
010 _a978-5-389-16476-5
_95000
021 _aRU
_bКН-П-19-039620
_9КН-П-19-2903
035 _a(NLR Aleph) 012042113
035 _a(RuMoRGB)009996633
090 _a11607968
_c11607968
100 _a20190624d2019 u y0rusy50 ca
101 1 _arus
102 _aRU
105 _aach|z|||001ey
200 1 _aПисьма к Вере
_fВладимир Набоков
_g[комментарии Ольги Ворониной и Брайана Бойда
_gвступительная статья Брайана Бойда
_gперевод с английского статьи и комментариев Александры Глебовской]
210 _aСанкт-Петербург
_cАзбука
_cАзбука-Аттикус
_d2019
215 _a700, [2] с., [4] л., ил., портр.
_cил., факс.
_d18
225 1 _aАзбука-классика
225 1 _aNon-Fiction
320 _aУказ. имен: с. 679-699
320 _aУказ. произведений В. Набокова в конце кн.
333 _a16+
600 1 _aНабоков
_bВ. В.
_f1899 - 1977
_gВладимир Владимирович
_jПереписка
_91074982
_3RU\NLR\AUTH\66100657
686 1 _aШ5(7США)6-4Набоков13
700 1 _7ca
_8rus
_aНабоков
_bВ. В.
_f1899-1977
_gВладимир Владимирович
_9110457
_3RU\NLR\AUTH\77403
702 1 _4660
_7ca
_8rus
_aНабокова
_bВ. Е.
_f1902-1991
_gВера Евсеевна
_92709222
_3RU\NLR\AUTH\770293662
942 _cBOOK
980 _aNBR
980 _aNB